[Event "Jajce (Women)"]
[Site "Jajce"]
[Date "1990.??.??"]
[Round "5"]
[White "Alexandria, Nana"]
[Black "Wiese Jozwiak, Malgorzata"]
[Result "1-0"]
[WhiteElo "2360"]
[BlackElo "2225"]
[PlyCount "81"]
[EventDate "1990.??.??"]
[EventType "tourn"]
[EventRounds "11"]
[EventCountry "YUG"]
[EventCategory "2"]
[SourceTitle "TD"]
[Source "ChessBase"]
[SourceDate "1994.03.01"]
[SourceVersion "1"]
[SourceVersionDate "1994.03.01"]
[SourceQuality "1"]

1. d4 b5 2. e4 Bb7 3. f3 a6 4. Bg5 Nf6 5. a4 b4 6. Nd2 e6 7. e5 h6 8. Bh4 g5 9. Bf2 Nd5 10. h4 d6 11. hxg5 Qxg5 12. Nc4 Nc6 13. Nh3 Qg7 14. f4 dxe5 15. dxe5 0-0-0 16. Qh5 Be7 17. 0-0-0 Qg6 18. Be2 Rhf8 19. g3 b3 20. Qxg6 fxg6 21. cxb3 g5 22. Bg4 Kb8 23. Bxe6 Ndb4 24. Rhf1 Na2+ 25. Kb1 Nab4 26. Na3 Na5 27. Rfe1 Nd3 28. Rxd3 Rxd3 29. f5 Rd2 30. f6 Bxa3 31. bxa3 Nc6 32. Bc5 Rfd8 33. f7 Nxe5 34. f8Q Rxf8 35. Bxf8 Nd3 36. Re3 Rb2+ 37. Ka1 Rd2 38. Bf5 Rd1+ 39. Ka2 Nc1+ 40. Kb2 Rd5 41. g4 1-0

[Event "POL-ch (Women)"]
[Site "Konin"]
[Date "1990.??.??"]
[Round "5"]
[White "Fornal, Agnieszka"]
[Black "Wiese Jozwiak, Malgorzata"]
[Result "1/2-1/2"]
[WhiteElo "2110"]
[BlackElo "2225"]
[PlyCount "43"]
[EventDate "1990.??.??"]
[EventType "tourn"]
[EventRounds "15"]
[EventCountry "POL"]
[SourceTitle "EXT 1999"]
[Source "ChessBase"]
[SourceDate "1998.11.16"]
[SourceVersion "1"]
[SourceVersionDate "1998.11.16"]
[SourceQuality "1"]

1. d4 Nf6 2. c4 c5 3. d5 b5 4. a4 b4 5. b3 g6 6. Bb2 Bg7 7. Qc2 0-0 8. e4 d6 9. Nd2 e6 10. 0-0-0 Nbd7 11. h3 Nh5 12. Bxg7 Kxg7 13. Ngf3 Qf6 14. g3 Ne5 15. Nxe5 Qxe5 16. Bd3 Qa1+ 17. Nb1 Qf6 18. Qd2 exd5 19. exd5 Bd7 20. Rdf1 Qd4 21. Qc2 Rae8 22. Nd2 1/2-1/2

[Event "Jajce (Women)"]
[Site "Jajce"]
[Date "1990.??.??"]
[Round "9"]
[White "Gajic, Djordje"]
[Black "Wiese Jozwiak, Malgorzata"]
[Result "1-0"]
[WhiteElo "2295"]
[BlackElo "2225"]
[PlyCount "83"]
[EventDate "1990.??.??"]
[EventType "tourn"]
[EventRounds "11"]
[EventCountry "YUG"]
[EventCategory "2"]
[SourceTitle "TD"]
[Source "ChessBase"]
[SourceDate "1994.03.01"]
[SourceVersion "1"]
[SourceVersionDate "1994.03.01"]
[SourceQuality "1"]

1. Nf3 c5 2. c4 Nf6 3. Nc3 e6 4. g3 b6 5. Bg2 Bb7 6. 0-0 Be7 7. d4 cxd4 8. Qxd4 d6 9. e4 0-0 10. Qe3 Nbd7 11. Nd4 a6 12. b3 Qc7 13. Bb2 Rfe8 14. Rfe1 Rac8 15. Re2 Qb8 16. Rd1 Bf8 17. Qd2 Qa8 18. f3 Qb8 19. Qe1 Rcd8 20. g4 g6 21. Kh1 e5 22. Nc2 Nc5 23. Nd5 Bxd5 24. cxd5 a5 25. Bf1 Bg7 26. Rg2 Qc7 27. Bb5 Rf8 28. Bc1 Rc8 29. Be3 Nfd7 30. Na3 Qd8 31. Nc4 Rb8 32. Qg3 Qe7 33. h4 Kh8 34. Qh3 Rg8 35. h5 g5 36. Rb2 h6 37. a3 Rgc8 38. Qf1 Bf8 39. b4 Nb7 40. Bxd7 Qxd7 41. Nxb6 Qd8 42. Nxc8 1-0

[Event "POL-ch (Women)"]
[Site "Konin"]
[Date "1990.??.??"]
[Round "9"]
[White "Sikora Gizynska, Bozena"]
[Black "Wiese Jozwiak, Malgorzata"]
[Result "1/2-1/2"]
[WhiteElo "2230"]
[BlackElo "2225"]
[PlyCount "84"]
[EventDate "1990.??.??"]
[EventType "tourn"]
[EventRounds "15"]
[EventCountry "POL"]
[SourceTitle "EXT 1999"]
[Source "ChessBase"]
[SourceDate "1998.11.16"]
[SourceVersion "1"]
[SourceVersionDate "1998.11.16"]
[SourceQuality "1"]

1. e4 d5 2. exd5 Qxd5 3. Nc3 Qa5 4. g3 Nf6 5. Bg2 Bg4 6. Nf3 Nc6 7. h3 Bh5 8. 0-0 0-0-0 9. d3 e5 10. Bd2 Bb4 11. g4 Bg6 12. a3 Bxc3 13. Bxc3 Qc5 14. Qc1 Rhe8 15. Bd2 h5 16. b4 Qd6 17. g5 Nd5 18. Re1 Nd4 19. Qb2 Nxf3+ 20. Bxf3 f6 21. Bg2 Nf4 22. Bxf4 exf4 23. gxf6 gxf6 24. Qb3 Rg8 25. Kh1 Bf5 26. Qc4 f3 27. Bxf3 Bxh3 28. Re3 Bd7 29. Qd5 Bc6 30. Qxd6 Rxd6 31. Rg1 Rxg1+ 32. Kxg1 Bxf3 33. Rxf3 Kd7 34. Kf1 Ke6 35. Ke2 Rd5 36. Rf4 Rf5 37. Rh4 Kd6 38. Ke3 c5 39. c3 Kd5 40. c4+ Kd6 41. b5 Re5+ 42. Kd2 Rf5 1/2-1/2

[Event "Jajce (Women)"]
[Site "Jajce"]
[Date "1990.??.??"]
[Round "11"]
[White "Wiese Jozwiak, Malgorzata"]
[Black "Maksimovic, Suzana"]
[Result "1-0"]
[WhiteElo "2225"]
[BlackElo "2280"]
[PlyCount "121"]
[EventDate "1990.??.??"]
[EventType "tourn"]
[EventRounds "11"]
[EventCountry "YUG"]
[EventCategory "2"]
[SourceTitle "TD"]
[Source "ChessBase"]
[SourceDate "1994.03.01"]
[SourceVersion "1"]
[SourceVersionDate "1994.03.01"]
[SourceQuality "1"]

1. e4 e6 2. d4 c5 3. Nf3 d5 4. exd5 exd5 5. Bb5+ Nc6 6. Qe2+ Be6 7. 0-0 Be7 8. dxc5 Bf6 9. c3 Nge7 10. Nbd2 0-0 11. Nb3 a6 12. Bd3 Bg4 13. h3 Bh5 14. Bf4 Re8 15. g4 Ng6 16. Qd2 Nxf4 17. Qxf4 Bg6 18. Bxg6 hxg6 19. Rfe1 Qd7 20. Rad1 Rxe1+ 21. Rxe1 Re8 22. Rxe8+ Qxe8 23. Qe3 Qxe3 24. fxe3 Be7 25. Kf2 Nd8 26. Nfd4 Kf8 27. Kf3 Ke8 28. Kf4 f6 29. e4 dxe4 30. Kxe4 Kd7 31. Kd5 Nc6 32. Nf3 Bf8 33. Nbd4 Ne7+ 34. Ke4 g5 35. b4 g6 36. a4 Bg7 37. c4 Bf8 38. b5 Nc8 39. Nb3 Ne7 40. Nfd4 Nc8 41. c6+ bxc6 42. bxc6+ Ke8 43. c5 Ne7 44. Na5 Bg7 45. Nab3 Kf7 46. c7 Ke8 47. c6 Bh8 48. Kd3 Nc8 49. Kc4 Ke7 50. Kc5 Bg7 51. a5 Bf8 52. Kd5 Kf7 53. Nc5 Bxc5 54. Kxc5 Ke7 55. Kd5 Na7 56. Ne6 f5 57. gxf5 gxf5 58. Nxg5 Kf6 59. Nf3 Nc8 60. h4 f4 61. h5 1-0

[Event "Jajce (Women)"]
[Site "Jajce"]
[Date "1990.??.??"]
[Round "2"]
[White "Wiese Jozwiak, Malgorzata"]
[Black "Maric, Alisa"]
[Result "0-1"]
[WhiteElo "2225"]
[BlackElo "2365"]
[PlyCount "51"]
[EventDate "1990.??.??"]
[EventType "tourn"]
[EventRounds "11"]
[EventCountry "YUG"]
[EventCategory "2"]
[SourceTitle "TD"]
[Source "ChessBase"]
[SourceDate "1994.03.01"]
[SourceVersion "1"]
[SourceVersionDate "1994.03.01"]
[SourceQuality "1"]

1. e4 c5 2. f4 d5 3. exd5 Qxd5 4. Nc3 Qd8 5. Nf3 Nf6 6. Ne5 e6 7. Qf3 Be7 8. b3 Nfd7 9. Bb5 0-0 10. Bxd7 Nxd7 11. Bb2 Nxe5 12. fxe5 Qd4 13. 0-0-0 Qxe5 14. Rhe1 Qc7 15. Nb5 Qc6 16. Qg3 f6 17. Qc7 Qxb5 18. Qxe7 e5 19. d4 cxd4 20. h3 Bf5 21. g4 Rf7 22. Qd6 Rd7 23. a4 Qa5 24. Qa3 Bg6 25. b4 Qc7 26. Qb3+ 0-1

[Event "Jajce (Women)"]
[Site "Jajce"]
[Date "1990.??.??"]
[Round "8"]
[White "Wiese Jozwiak, Malgorzata"]
[Black "Petrovic, Marija"]
[Result "1-0"]
[WhiteElo "2225"]
[BlackElo "2290"]
[PlyCount "51"]
[EventDate "1990.??.??"]
[EventType "tourn"]
[EventRounds "11"]
[EventCountry "YUG"]
[EventCategory "2"]
[SourceTitle "TD"]
[Source "ChessBase"]
[SourceDate "1994.03.01"]
[SourceVersion "1"]
[SourceVersionDate "1994.03.01"]
[SourceQuality "1"]

1. e4 g6 2. d4 Bg7 3. Nc3 c6 4. Nf3 d6 5. Be2 Nf6 6. 0-0 0-0 7. Re1 b5 8. e5 Ne8 9. Bf4 dxe5 10. Nxe5 Nd6 11. Bf3 Bb7 12. d5 cxd5 13. Nxd5 e6 14. Nc3 Qb6 15. Bxb7 Nxb7 16. Qf3 f6 17. Nd3 a6 18. Rad1 Nd7 19. Nd5 exd5 20. Qxd5+ Kh8 21. Qxd7 Rad8 22. Qe7 h5 23. Bc7 Qd4 24. Bxd8 Nxd8 25. Nc5 Qb4 26. Rxd8 1-0

[Event "POL-ch (Women)"]
[Site "Konin"]
[Date "1990.??.??"]
[Round "1"]
[White "Wiese Jozwiak, Malgorzata"]
[Black "Pilarska, Czeslawa"]
[Result "1/2-1/2"]
[WhiteElo "2225"]
[BlackElo "2050"]
[PlyCount "73"]
[EventDate "1990.??.??"]
[EventType "tourn"]
[EventRounds "15"]
[EventCountry "POL"]
[SourceTitle "EXT 1999"]
[Source "ChessBase"]
[SourceDate "1998.11.16"]
[SourceVersion "1"]
[SourceVersionDate "1998.11.16"]
[SourceQuality "1"]

1. e4 c5 2. Nf3 e6 3. d4 cxd4 4. Nxd4 Nc6 5. Nc3 d6 6. Be2 Nf6 7. Be3 Be7 8. 0-0 0-0 9. f4 a6 10. a4 Qc7 11. Kh1 Re8 12. Bf3 Rb8 13. Qd2 Nxd4 14. Bxd4 e5 15. Ba7 Ra8 16. Be3 exf4 17. Bxf4 Be6 18. Rfd1 Rad8 19. a5 Ng4 20. Bxg4 Bxg4 21. Nd5 Qc6 22. Re1 Bf8 23. b3 Re6 24. Ra4 Rg6 25. Rc4 Qb5 26. Qb4 Qxb4 27. Rxb4 Rd7 28. Rc4 Re6 29. Bg3 Re8 30. Bh4 Be6 31. Rd1 f5 32. exf5 Bxf5 33. Kg1 Re4 34. Rxe4 Bxe4 35. c4 Bc2 36. Re1 Bxb3 37. Re8 1/2-1/2

[Event "POL-ch (Women)"]
[Site "Poznan"]
[Date "1989.??.??"]
[Round "13"]
[White "Pilarska, Czeslawa"]
[Black "Wiese Jozwiak, Malgorzata"]
[Result "0-1"]
[WhiteElo "2040"]
[BlackElo "2270"]
[PlyCount "54"]
[EventDate "1989.??.??"]
[EventType "tourn"]
[EventRounds "15"]
[EventCountry "POL"]
[SourceTitle "EXT 1997"]
[Source "ChessBase"]
[SourceDate "1996.11.15"]
[SourceVersion "1"]
[SourceVersionDate "1996.11.15"]
[SourceQuality "1"]

1. d4 Nf6 2. Nf3 e6 3. e3 c5 4. c3 d5 5. Bd3 Nc6 6. 0-0 Bd6 7. Nbd2 0-0 8. Qe2 e5 9. dxe5 Nxe5 10. Nxe5 Bxe5 11. h3 Bc7 12. Nf3 Ne4 13. c4 Re8 14. Rd1 Bf5 15. cxd5 Qd6 16. Bc4 Ng5 17. Bd3 Ne4 18. Bc4 Rad8 19. Bd2 Qh6 20. Qf1 Rd6 21. Ne5 Rf6 22. Nd3 Bxh3 23. gxh3 Rg6+ 24. Kh1 Qh5 25. Nf4 Qf3+ 26. Kh2 Nxf2 27. Qg1 Qxh3# 0-1

[Event "POL-ch (Women)"]
[Site "Poznan"]
[Date "1989.??.??"]
[Round "2"]
[White "Wiese Jozwiak, Malgorzata"]
[Black "Strzalka, Joanna"]
[Result "1-0"]
[WhiteElo "2270"]
[BlackElo "2160"]
[PlyCount "63"]
[EventDate "1989.??.??"]
[EventType "tourn"]
[EventRounds "15"]
[EventCountry "POL"]
[SourceTitle "EXT 1997"]
[Source "ChessBase"]
[SourceDate "1996.11.15"]
[SourceVersion "1"]
[SourceVersionDate "1996.11.15"]
[SourceQuality "1"]

1. e4 e5 2. Nf3 Nc6 3. d4 exd4 4. Nxd4 Nf6 5. Nxc6 bxc6 6. e5 Qe7 7. Qe2 Nd5 8. h4 d6 9. c4 Nb6 10. exd6 cxd6 11. Be3 Ba6 12. Nd2 d5 13. Qg4 h5 14. Qg5 Qxg5 15. Bxg5 dxc4 16. 0-0-0 Bb4 17. Be2 f6 18. a3 Bc5 19. Ne4 Be7 20. Bf4 Nd5 21. Bd6 Bb5 22. Rhe1 Rd8 23. Bxe7 Kxe7 24. Nc5 Kd6 25. Nb7+ Kc7 26. Nxd8 Rxd8 27. Bf3 Nf4 28. Re7+ Kc8 29. Rxd8+ Kxd8 30. Rxa7 Nd3+ 31. Kb1 Ne5 32. Rxg7 1-0

[Event "Olympiad Women-28"]
[Site "Thessaloniki"]
[Date "1988.11.26"]
[Round "12"]
[White "Wiese Jozwiak, Malgorzata"]
[Black "Ramon Pita, Vivian"]
[Result "1/2-1/2"]
[WhiteElo "2230"]
[BlackElo "2200"]
[PlyCount "101"]
[EventDate "1988.11.13"]
[EventType "team-swiss"]
[EventRounds "14"]
[EventCountry "GRE"]
[SourceTitle "EXT 2019"]
[Source "ChessBase"]
[SourceDate "2018.10.10"]
[SourceVersion "1"]
[SourceVersionDate "2018.10.10"]
[SourceQuality "1"]
[WhiteTeam "Poland (W)"]
[BlackTeam "Cuba (W)"]
[WhiteTeamCountry "POL"]
[BlackTeamCountry "CUB"]

1. e4 e5 2. Nf3 Nc6 3. d4 exd4 4. Nxd4 Nf6 5. Nxc6 bxc6 6. e5 Qe7 7. Qe2 Nd5 8. h4 f6 9. c4 Ba6 10. Rh3 Nb6 11. exf6 Qxe2+ 12. Bxe2 gxf6 13. Bh5+ Kd8 14. b3 Be7 15. Bb2 Rg8 16. Re3 Rb8 17. Bc3 d5 18. Bf3 Kd7 19. Nd2 Bc5 20. Re2 f5 21. 0-0-0 Ba3+ 22. Kc2 Bd6 23. Nf1 Nxc4 24. bxc4 Bxc4 25. Ne3 Bxe2 26. Bxe2 Rbf8 27. g4 f4 28. Nf5 Re8 29. Bf3 Be5 30. Bxd5 cxd5 31. Rxd5+ Bd6 32. f3 Re2+ 33. Kd3 Rxa2 34. Nxd6 cxd6 35. Rh5 Rf2 36. Rxh7+ Kc6 37. Ke4 Rf8 38. Rxa7 Re2+ 39. Kd4 Re3 40. h5 Rxf3 41. g5 Rh3 42. g6 Rxh5 43. g7 Rg8 44. Ke4 f3 45. Rf7 d5+ 46. Kd3 Rg5 47. Rxf3 R8xg7 48. Bxg7 Rxg7 49. Rf8 Rg3+ 50. Kd4 Rg4+ 51. Kd3 1/2-1/2

[Event "Olympiad Women-28"]
[Site "Thessaloniki"]
[Date "1988.11.16"]
[Round "4"]
[White "Canela, Teresa"]
[Black "Wiese Jozwiak, Malgorzata"]
[Result "0-1"]
[WhiteElo "2165"]
[BlackElo "2230"]
[PlyCount "84"]
[EventDate "1988.11.13"]
[EventType "team-swiss"]
[EventRounds "14"]
[EventCountry "GRE"]
[SourceTitle "EXT 2019"]
[Source "ChessBase"]
[SourceDate "2018.10.10"]
[SourceVersion "1"]
[SourceVersionDate "2018.10.10"]
[SourceQuality "1"]
[WhiteTeam "Spain (W)"]
[BlackTeam "Poland (W)"]
[WhiteTeamCountry "ESP"]
[BlackTeamCountry "POL"]

1. e4 d5 2. exd5 Qxd5 3. Nc3 Qa5 4. d4 Nf6 5. Nf3 Bg4 6. h3 Bh5 7. g4 Bg6 8. Ne5 e6 9. Nc4 Qa6 10. h4 Qc6 11. Rh3 Bb4 12. h5 Be4 13. Ne5 Qb6 14. a3 Bxc3+ 15. bxc3 h6 16. a4 a5 17. Ba3 Nbd7 18. Rb1 Qa7 19. Qe2 Bc6 20. Nxc6 bxc6 21. Qc4 Rb8 22. Rb3 c5 23. Bg2 0-0 24. Bxc5 Nxc5 25. Qxc5 Qxc5 26. dxc5 Nxg4 27. c4 Ne5 28. Rxb8 Rxb8 29. Rb3 Rd8 30. Rb7 Rd7 31. c6 Re7 32. Rb8+ Kh7 33. c5 Nc4 34. Ra8 f5 35. Bf1 Ne5 36. Bb5 Nf3+ 37. Kf1 e5 38. Rxa5 e4 39. Ra8 Re5 40. Rc8 Rxc5 41. c4 f4 42. Rxc7 Rg5 0-1

[Event "Olympiad Women-28"]
[Site "Thessaloniki"]
[Date "1988.11.13"]
[Round "1"]
[White "O'Siochru, Mairead Maura"]
[Black "Wiese Jozwiak, Malgorzata"]
[Result "1-0"]
[WhiteElo "1835"]
[BlackElo "2230"]
[PlyCount "121"]
[EventDate "1988.11.13"]
[EventType "team-swiss"]
[EventRounds "14"]
[EventCountry "GRE"]
[SourceTitle "EXT 2019"]
[Source "ChessBase"]
[SourceDate "2018.10.10"]
[SourceVersion "1"]
[SourceVersionDate "2018.10.10"]
[SourceQuality "1"]
[WhiteTeam "Ireland (W)"]
[BlackTeam "Poland (W)"]
[WhiteTeamCountry "IRL"]
[BlackTeamCountry "POL"]

1. e4 d5 2. exd5 Qxd5 3. Nc3 Qa5 4. d4 Nf6 5. Bd2 Bg4 6. Ne4 Bxd1 7. Nxf6+ exf6 8. Bxa5 Bxc2 9. Rc1 Be4 10. Bxc7 Bb4+ 11. Kd1 0-0 12. a3 Be7 13. Ne2 Na6 14. f3 Bd5 15. Bg3 Rfe8 16. Nc3 Bb3+ 17. Kd2 Rad8 18. Bf2 f5 19. h4 Bd6 20. Be3 Bc5 21. Bb5 Re7 22. Ne2 Bb6 23. Bd3 Ba5+ 24. Nc3 f4 25. Bf2 Nc5 26. Rhe1 Rxe1 27. Rxe1 Nxd3 28. Kxd3 Kf8 29. Re4 a6 30. Rxf4 b5 31. Rf5 Bc4+ 32. Kc2 Bf1 33. g4 g6 34. Rf6 Re8 35. Bg3 Bd8 36. Rc6 a5 37. Bd6+ Be7 38. Ne4 Bg2 39. Nf6 Rd8 40. Nxh7+ Ke8 41. Bxe7 Kxe7 42. Rc7+ Ke8 43. Kd3 Bxf3 44. Ng5 Bxg4 45. Nxf7 Bf5+ 46. Ke3 Rd5 47. Ne5 Rd6 48. Rb7 Rd5 49. Rb6 Bb1 50. Nxg6 Rh5 51. Nf4 Rxh4 52. Rxb5 a4 53. Rb7 Rh1 54. d5 Re1+ 55. Kd2 Rf1 56. Nd3 Rf5 57. Nb4 Be4 58. Rb5 Kd7 59. Kc3 Bf3 60. Kd4 Be2 61. Rb7+ 1-0

[Event "Match/Nation POL-YUG (Women)"]
[Site "Zakopane"]
[Date "1988.10.??"]
[Round "2.3"]
[White "Misanovic, Vesna"]
[Black "Wiese Jozwiak, Malgorzata"]
[Result "1-0"]
[WhiteElo "2225"]
[BlackElo "2255"]
[PlyCount "71"]
[EventDate "1988.10.??"]
[EventType "team-match"]
[EventRounds "1"]
[EventCountry "POL"]
[SourceTitle "EXT 2021"]
[Source "ChessBase"]
[SourceDate "2020.10.23"]
[SourceVersion "1"]
[SourceVersionDate "2020.10.23"]
[SourceQuality "1"]

1. d4 Nf6 2. c4 c5 3. d5 b5 4. a4 b4 5. Nd2 e5 6. e4 d6 7. Bd3 g6 8. Ne2 Bg7 9. h3 h5 10. Nf3 Nbd7 11. Bg5 Qa5 12. Qd2 Qc7 13. Nh4 b3 14. Ra3 Rb8 15. Nc1 Rb4 16. Rxb3 Rxa4 17. 0-0 Ba6 18. Rc3 0-0 19. Bh6 Nh7 20. Be2 Ndf6 21. Bxg7 Kxg7 22. Qc2 Ra1 23. Rg3 Kh8 24. Bd3 Bc8 25. Qd2 g5 26. Rxg5 Nxg5 27. Qxg5 Nh7 28. Qxh5 Qe7 29. f4 Qf6 30. fxe5 Qxe5 31. Ng6+ fxg6 32. Rxf8+ Kg7 33. Qxe5+ dxe5 34. Rxc8 Rxc1+ 35. Kf2 Rd1 36. Ke2 1-0

[Event "Warsaw (Women)"]
[Site "Warsaw"]
[Date "1988.??.??"]
[Round "?"]
[White "Sofieva, Ainur"]
[Black "Wiese Jozwiak, Malgorzata"]
[Result "1-0"]
[WhiteElo "2265"]
[BlackElo "2255"]
[PlyCount "71"]
[EventDate "1988.??.??"]
[EventType "tourn"]
[EventRounds "13"]
[EventCountry "POL"]
[SourceTitle "EXT 1999"]
[Source "ChessBase"]
[SourceDate "1998.11.16"]
[SourceVersion "1"]
[SourceVersionDate "1998.11.16"]
[SourceQuality "1"]

1. e4 e5 2. Nf3 Nc6 3. Bb5 a6 4. Ba4 Nf6 5. 0-0 Nxe4 6. d4 b5 7. Bb3 d5 8. dxe5 Be6 9. c3 Bc5 10. Bf4 g5 11. Bc1 g4 12. Nd4 Nxe5 13. a4 Rg8 14. Bf4 Qf6 15. Bxe5 Qxe5 16. axb5 Rg6 17. Nd2 Rh6 18. g3 Nxd2 19. Qxd2 Qh5 20. h4 gxh3 21. Kh2 Bxd4 22. Qxd4 Qf3 23. Rg1 Rf6 24. Raf1 axb5 25. Bd1 Qf5 26. Bc2 Qf3 27. Bd1 Qf5 28. f4 Ra2 29. Rf2 Rh6 30. Re1 Kd8 31. g4 Qf6 32. Re5 Qh4 33. f5 Bd7 34. Rxd5 Rd6 35. Qh8+ Be8 36. Re2 1-0

[Event "Balatonfured zt (Women)"]
[Site "Balatonfured"]
[Date "1987.??.??"]
[Round "?"]
[White "Baumstark, Gertrude"]
[Black "Wiese Jozwiak, Malgorzata"]
[Result "0-1"]
[WhiteElo "2080"]
[BlackElo "2290"]
[PlyCount "76"]
[EventDate "1987.??.??"]
[EventType "tourn"]
[EventRounds "17"]
[EventCountry "HUN"]
[EventCategory "1"]
[SourceTitle "EXT 1997"]
[Source "ChessBase"]
[SourceDate "1996.11.15"]
[SourceVersion "1"]
[SourceVersionDate "1996.11.15"]
[SourceQuality "1"]

1. e4 c5 2. Nf3 d6 3. d4 cxd4 4. Nxd4 Nf6 5. Nc3 a6 6. a4 e5 7. Nf3 Be7 8. Bc4 Be6 9. Qe2 Bxc4 10. Qxc4 Nbd7 11. Bg5 Rc8 12. Qe2 Qb6 13. Bc1 0-0 14. 0-0 Rfe8 15. Ne1 Qc6 16. Nd3 d5 17. exd5 Nxd5 18. Bd2 Bf8 19. Nxd5 Qxd5 20. Rfc1 e4 21. Nf4 Qe5 22. c4 Bd6 23. g3 Qf5 24. Qh5 Qxh5 25. Nxh5 Ne5 26. Bf4 Re6 27. Rd1 Nd3 28. Kf1 g6 29. Bxd6 Rxd6 30. Nf4 Rxc4 31. Rd2 g5 32. Ne2 Rb6 33. Ra2 f5 34. a5 Rh6 35. Kg1 Rd6 36. Kg2 Ne1+ 37. Kf1 Rxd2 38. Kxe1 Rcd4 0-1

[Event "Balatonfured zt (Women)"]
[Site "Balatonfured"]
[Date "1987.??.??"]
[Round "?"]
[White "Olarasu, Gabriela"]
[Black "Wiese Jozwiak, Malgorzata"]
[Result "1/2-1/2"]
[WhiteElo "2245"]
[BlackElo "2290"]
[PlyCount "56"]
[EventDate "1987.??.??"]
[EventType "tourn"]
[EventRounds "17"]
[EventCountry "HUN"]
[EventCategory "1"]
[SourceTitle "EXT 1997"]
[Source "ChessBase"]
[SourceDate "1996.11.15"]
[SourceVersion "1"]
[SourceVersionDate "1996.11.15"]
[SourceQuality "1"]

1. Nf3 c5 2. c4 Nf6 3. Nc3 e6 4. g3 b6 5. Bg2 Bb7 6. 0-0 Be7 7. d4 cxd4 8. Qxd4 0-0 9. Rd1 Nc6 10. Qf4 d6 11. b3 a6 12. e4 Qc7 13. Ba3 Rfd8 14. Rac1 Ne5 15. Bb2 Rac8 16. Qe3 Ned7 17. Qe2 Qb8 18. Nd4 Bf8 19. a3 Re8 20. Re1 Qa8 21. Nb1 e5 22. Nc2 Nc5 23. Nd2 b5 24. Nb4 a5 25. Nd5 Nxd5 26. cxd5 b4 27. Qe3 Ba6 28. Bf1 Qb7 1/2-1/2

[Event "Balatonfured zt (Women)"]
[Site "Balatonfured"]
[Date "1987.??.??"]
[Round "?"]
[White "Porubszky Angyalosine, Maria A"]
[Black "Wiese Jozwiak, Malgorzata"]
[Result "1/2-1/2"]
[WhiteElo "2240"]
[BlackElo "2290"]
[PlyCount "94"]
[EventDate "1987.??.??"]
[EventType "tourn"]
[EventRounds "17"]
[EventCountry "HUN"]
[EventCategory "1"]
[SourceTitle "EXT 1997"]
[Source "ChessBase"]
[SourceDate "1996.11.15"]
[SourceVersion "1"]
[SourceVersionDate "1996.11.15"]
[SourceQuality "1"]

1. e4 c5 2. Nc3 d6 3. Nge2 Nc6 4. g3 g6 5. Bg2 Bg7 6. 0-0 e6 7. d3 Nge7 8. Be3 Nd4 9. Qd2 0-0 10. Nc1 Rb8 11. Nd1 b6 12. c3 Ndc6 13. f4 Ba6 14. f5 exf5 15. exf5 f6 16. Ne2 g5 17. d4 Bc4 18. b3 Bd5 19. g4 Bxg2 20. Kxg2 Nd5 21. c4 Nc7 22. Ndc3 Qe7 23. Rfe1 Rbd8 24. Bf2 Qf7 25. Bg3 Rfe8 26. h3 Rd7 27. Rad1 Rdd8 28. Qd3 Bf8 29. Qf3 Nxd4 30. Nxd4 Rxe1 31. Bxe1 cxd4 32. Rxd4 Na6 33. Bg3 Nc5 34. Nb5 a6 35. Nxd6 Bxd6 36. Rxd6 Rxd6 37. Bxd6 Nb7 38. Ba3 Qc7 39. Qd5+ Kg7 40. Qe6 Nc5 41. Qd5 Qe7 42. Kf3 Qc7 43. Kg2 Qe7 44. Qf3 Qe1 45. Bxc5 bxc5 46. Qb7+ Kh6 47. Qxa6 Qe2+ 1/2-1/2

[Event "POL-chT 43rd"]
[Site "Jachranka"]
[Date "1987.??.??"]
[Round "6"]
[White "Wesolowska, Hanna"]
[Black "Wiese Jozwiak, Malgorzata"]
[Result "1/2-1/2"]
[WhiteElo "2120"]
[BlackElo "2260"]
[PlyCount "64"]
[EventDate "1987.09.23"]
[EventType "team-tourn"]
[EventRounds "11"]
[EventCountry "POL"]
[SourceTitle "EXT 2019"]
[Source "ChessBase"]
[SourceDate "2018.10.10"]
[SourceVersion "1"]
[SourceVersionDate "2018.10.10"]
[SourceQuality "1"]
[WhiteTeam "Myslowice Gornik 09"]
[BlackTeam "Bydgoszcz Chemik"]
[WhiteTeamCountry "POL"]
[BlackTeamCountry "POL"]

1. d4 Nf6 2. c4 c5 3. d5 b5 4. cxb5 a6 5. bxa6 Bxa6 6. Nc3 g6 7. e4 Bxf1 8. Kxf1 d6 9. g3 Bg7 10. Nf3 Nbd7 11. h3 Qc7 12. Kg2 Qb7 13. Re1 0-0 14. Re2 Rfb8 15. Be3 Qb4 16. Qc2 Rb7 17. Rc1 Nb6 18. a3 Qa5 19. b4 cxb4 20. axb4 Qxb4 21. Rb1 Qc4 22. Rxb6 Rxb6 23. Bxb6 Nd7 24. Bd4 Bxd4 25. Nxd4 Qxd4 26. Rd2 Qc4 27. Ne2 Qxc2 28. Rxc2 Nc5 29. f3 Ra4 30. Kf2 Nd3+ 31. Ke3 Nc5 32. Rc3 Ra1 1/2-1/2

[Event "Balatonfured zt (Women)"]
[Site "Balatonfured"]
[Date "1987.??.??"]
[Round "?"]
[White "Wiese Jozwiak, Malgorzata"]
[Black "Jicman, Ligia Letitia"]
[Result "1-0"]
[WhiteElo "2290"]
[BlackElo "2220"]
[PlyCount "173"]
[EventDate "1987.??.??"]
[EventType "tourn"]
[EventRounds "17"]
[EventCountry "HUN"]
[EventCategory "1"]
[SourceTitle "EXT 1997"]
[Source "ChessBase"]
[SourceDate "1996.11.15"]
[SourceVersion "1"]
[SourceVersionDate "1996.11.15"]
[SourceQuality "1"]

1. e4 c5 2. Nf3 d6 3. d4 Nf6 4. Nc3 cxd4 5. Nxd4 e6 6. g4 h6 7. h4 Nc6 8. g5 hxg5 9. Bxg5 Qb6 10. Nb3 Bd7 11. Qd2 Ne5 12. Be2 a6 13. 0-0-0 Rc8 14. f4 Nc4 15. Bxc4 Rxc4 16. Rhe1 Qc7 17. e5 dxe5 18. fxe5 Ng4 19. Re4 Rxe4 20. Nxe4 Nxe5 21. Qe3 f6 22. Bf4 Rxh4 23. Bg3 Rg4 24. Nbc5 Bxc5 25. Nxc5 Rxg3 26. Qxg3 Qxc5 27. Qxg7 Qf8 28. Qh7 Kd8 29. Qe4 Kc8 30. Qd4 Qg7 31. Rg1 Qh7 32. Qd6 Qf7 33. b3 Bc6 34. Rd1 Nd7 35. Rd2 e5 36. Rh2 Qf8 37. Qxf8+ Nxf8 38. Rh8 Kd7 39. Rxf8 Ke7 40. Rh8 f5 41. Rh6 f4 42. Kd2 e4 43. Ke2 Kf7 44. Rh4 f3+ 45. Ke3 Kg6 46. c4 Kf6 47. b4 Ke6 48. Rh6+ Kd7 49. Rh5 b6 50. Rh7+ Kc8 51. Rf7 Bb7 52. a4 Kb8 53. b5 axb5 54. axb5 Ba8 55. Rf8+ Ka7 56. Kd4 Bb7 57. Rh8 Ba8 58. Ke3 Bb7 59. Re8 Ba8 60. Re6 Bb7 61. Rf6 Ba8 62. Rf7+ Kb8 63. Kd4 Bb7 64. Re7 Ka7 65. Re8 Ba8 66. Rd8 Bb7 67. Rf8 Ba8 68. c5 bxc5+ 69. Kxc5 Bb7 70. Rd8 Ba8 71. b6+ Kb7 72. Rf8 e3 73. Rxf3 e2 74. Re3 Kb8 75. Rxe2 Bf3 76. Rf2 Be4 77. Rf7 Kc8 78. Rf4 Bg2 79. Kb5 Bd5 80. Rf8+ Kb7 81. Kc5 Be4 82. Re8 Bg2 83. Re7+ Kb8 84. b7 Ka7 85. Kd6 Kb8 86. Re2 Bf3 87. Rb2 1-0